Fantasía /
Largometraje de animación: Tocata y fuga en Do menor; Cascanueces; Rito de Primavera; Sinfonía Pastoral; Danza de las Horas; Ave María y otros
Guardado en:
| Autor Principal: | |
|---|---|
| Autor Corporativo: | |
| Formato: | |
| Publicado: |
Estados Unidos,
1940.
|
| Materias: | |
| Etiquetas: |
Agregar Etiqueta
Sin Etiquetas, Sea el primero en etiquetar este registro!
|
| LEADER | 01083ngm a22003135g 4500 | ||
|---|---|---|---|
| 001 | CEM.cems021410 | ||
| 008 | 130507s1940##################0###0#####d | ||
| 005 | 20240822170943.0 | ||
| 245 | 1 | 0 | |a Fantasía / |c Samuel Armstrong. |
| 260 | |a Estados Unidos, |c 1940. | ||
| 300 | |a 112 | ||
| 500 | |a En soporte VHS, consultar en ventanilla. | ||
| 538 | |a Soporte: VHS - Norma: Pal N - Color - Grabación Drd 1992 - Hitachi=0000 | ||
| 520 | |a Largometraje de animación: Tocata y fuga en Do menor; Cascanueces; Rito de Primavera; Sinfonía Pastoral; Danza de las Horas; Ave María y otros | ||
| 100 | 1 | |a Armstrong, Samuel | |
| 110 | 2 | |a Walt Disney Productions. | |
| 082 | 7 | 8 | |. 11/AMS |
| 653 | |a MUSICA | ||
| 653 | |a MUSICA SINFONICA | ||
| 653 | |a FANTASIA | ||
| 653 | |a TOCATA Y FUGA EN DO MENOR | ||
| 653 | |a CASCANUECES | ||
| 653 | |a RITO DE PRIMAVERA | ||
| 653 | |a AVE MARIA | ||
| 653 | |a DANZA DE LAS HORAS | ||
| 653 | |a SINFONIA PASTORAL | ||
| 653 | |a NIVEL PRIMARIO | ||
| 653 | |a NIVEL SECUNDARIO | ||
| 859 | |a CEMS |b BIB. CEMS - Depto. Recursos Didacticos |h 785.11 |i AMS |k DRD |p 53.12 |t Ej.1 | ||
